00498 2200193 4500001002100000005001500021035002000036007000300056008004100059020002200100082000800122084001400130100002000144245003100164250001200195260004800207300003200255650001700287INLIS00000000000113120210927104830 a0010-0921000030ta210927 d 0 ind  a978-602-064-696-1 a823 a823 STE e0 aStephenie Meyer1 aEclipse /cStephenie Meyer acet. 17 aJakarta :bPT Gramedia Pustaka Utama,c2020 a688 hal. ;c13,6 cm x 20 cm anovel remaja